| 000 | 00848nam0a22002411 4500 | ||
|---|---|---|---|
| 001 | rc\1076189 | ||
| 005 | 20260407223649.0 | ||
| 035 | _a(NLR Aleph) 006235766 | ||
| 090 |
_a6619856 _c6619856 |
||
| 100 | _a20041129d1980 |||y0rusy50 ca | ||
| 101 | 0 | _arus | |
| 102 | _aRU | ||
| 105 | _ay ||||||||| | ||
| 200 | 1 | _aЗакон Азербайджанской Советской Социалистической Республики о районном Совете народных депутатов Азербайджанской ССР | |
| 210 |
_aБаку _cАзернешр _d1980 |
||
| 215 |
_a52 с. _d20 |
||
| 740 | 1 |
_aАзССР _tЗаконы и постановления _9797830 _3RU\NLR\AUTH\8810151563 |
|
| 801 | 0 |
_aRU _bNLR _gpsbo |
|
| 801 | 1 |
_aRU _bELAR _2rusmarc |
|
| 852 |
_aNLR _j81-4/943 |
||
| 942 | _cBOOK | ||
| 980 | _aNB | ||